| 000 | 00430nam a22001697a 4500 | ||
|---|---|---|---|
| 003 | OSt | ||
| 008 | 240408b |||||||| |||| 00| 0 eng d | ||
| 020 | _a9780706986310 | ||
| 082 | _a810.9 TRC | ||
| 100 | _aTRIVEDI, R. D. | ||
| 245 | _aA Compendious History Of English Literature | ||
| 250 | _aReprint | ||
| 260 |
_aNoida, _bVikas Publishing House Pvt. Ltd., _c2022 |
||
| 300 | _a870 p. | ||
| 650 | _aEnglish | ||
| 942 |
_2ddc _cBK |
||
| 999 |
_c12404 _d12404 |
||